[Geometry Dash] All Mythic Levels - Statistics

General Stats
  • This quiz has been taken 34 times
    6 since last reset
  • The average score is 18 of 41
Answer Stats
Difficulty Creator Answer % Correct
Extreme Demon MindCap ORBIT
83%
Hard Demon 16lord The Towerverse
83%
Easy Demon Arclia Astralith
67%
Insane Bli Final Orbit
67%
Insane rafer FUNHOUSE
67%
Insane djudjeito Out of Place
67%
Medium Demon Zejoant Quarion
67%
Easy Bli Rage Quit
67%
Insane MinAY Randomverse
67%
Medium Demon YoReid Skeletal Shenanigans
67%
Easy Demon 16lord The Towerverse II
67%
Medium Demon kira9999 WANNACRY
67%
Normal vegtam Abducted
50%
Insane kira9999 Alien Dream Emulator
50%
Insane chunlv1 Aperture
50%
Insane Grax BER ZER KER
50%
Insane BoomKitty GD GANGSTER RAP
50%
Insane empsea Kisaragi
50%
Easy Demon Arclia Next Cab Soon
50%
Medium Demon AwiXan PixelPath II
50%
Insane dolphe Project Novaform
50%
Insane DesTicY Spacetime Continuum
50%
Extreme Demon thejshadow Throat of the World
50%
Insane Demon thejshadow Arcturan
33%
Easy Demon Viprin BUTTON MASHER
33%
Hard Demon Soverney Dead God Cult
33%
Insane MattewGame Espiazione
33%
Harder GloryEX Eta Carnis
33%
Medium Demon MyNameIsGreen Geometry Quest II
33%
Extreme Demon tricipital Labyrinth
33%
Insane Debihan Stronghold
33%
Hard Demon MoistenedEgg Terminus
33%
Easy Demon Darwin Backbeat Revenge
17%
Medium Demon GDTicLos BOSS RUSH 2
17%
Insane MoistenedEgg Feed your grungaus
17%
Insane Demon SeniorSaturno Heavy Gears
17%
Extreme Demon waterpump Lacertus
17%
Easy Demon Nicki1202 Neptunes Path
17%
Easy Demon Subwoofer Space Invaders
17%
Extreme Demon iIBonIi TASSAR
17%
Insane Demon thejshadow The Menhir
17%
No matching quizzes found
Score Distribution
Percent of People with Each Score
Percentile by Number Answered
Your Score History
You have not taken this quiz since the last reset